<Der> Big Bang in London und seine konsequenzen für den deutschen Wertpapierhandel

Uložené v:
Podrobná bibliografia
Hlavný autor: Weichert, Ronald
Médium: Kniha
Jazyk:German
Vydavateľské údaje: Kiel Institut für Weltwirtschaft 1987
Edícia:Discussion Papers 133
Tagy: Pridať tag
Žiadne tagy, Buďte prvý, kto otaguje tento záznam!

MARC

LEADER 00000nam a2200000 4500
001 c111139
005 20181203150319.3
041 0 |a ger 
044 |a DE 
245 1 0 |a <Der> Big Bang in London und seine konsequenzen für den deutschen Wertpapierhandel  |c Ronald Weichert 
264 1 |a Kiel  |b Institut für Weltwirtschaft  |c 1987 
300 |a 35 s. 
490 1 |a Discussion Papers  |v 133 
830 0 |a Discussion Papers  |v 133 
100 1 |a Weichert, Ronald